Nâng cao sự thõa mãn của người lao động tại Công ty Cổ phần Korea United Pharm Int'l

Chuyên ngành: Quản trị kinh doanh tổng hợp; Không ý kiến về việc số hóa, sao chép tài liệu ; Khóa luận gồm: Cơ sở lý luận về sự thõa mãn của người lao động; phân tích thực trạng về sự thõa mãn của người lao động tại Công ty Cổ phần...

Cijeli opis

Spremljeno u:
Bibliografski detalji
Glavni autor: Nguyễn, Thị Thùy Trang
Daljnji autori: Trường Đại học Thủ Dầu Một
Format: Knjiga
Jezik:Undetermined
Izdano: Bình Dương 2015
Teme:
Online pristup:http://lrc.tdmu.edu.vn/opac/search/detail.asp?aID=2&ID=28780
Oznake: Dodaj oznaku
Bez oznaka, Budi prvi tko označuje ovaj zapis!
Thư viện lưu trữ: Trung tâm Học liệu Trường Đại học Thủ Dầu Một
LEADER 01615nam a2200205Ia 4500
001 TDMU_28780
008 210410s9999 xx 000 0 und d
082 |a 658.202 
090 |b NG527 
100 |a Nguyễn, Thị Thùy Trang 
245 0 |a Nâng cao sự thõa mãn của người lao động tại Công ty Cổ phần Korea United Pharm Int'l 
245 0 |c NguyễnThị Thùy Trang; Lê Hướng Dương (h.dẫn) 
260 |a Bình Dương 
260 |c 2015 
300 |a 68 tr + Phụ lục 
520 |a Chuyên ngành: Quản trị kinh doanh tổng hợp; Không ý kiến về việc số hóa, sao chép tài liệu ; Khóa luận gồm: Cơ sở lý luận về sự thõa mãn của người lao động; phân tích thực trạng về sự thõa mãn của người lao động tại Công ty Cổ phần Korea United Pharm Int'l; giải pháp nâng cao sự thõa mãn của người lao động tại đây.; TM tài liệu tham khảo tr. 68; Khóa luận tốt nghiệp Đại học trường Đại học Thủ Dầu Một, 2011 - 2015 
650 |a Người lao động  |x Sự thõa mãn  |x Công ty Cổ phần Korea United Pharm Int'l; Công ty Cổ phần Korea United Pharm Int'l  |x Người alo động  |x Nhu cầu; Khóa luận 
700 |a Trường Đại học Thủ Dầu Một 
856 |u http://lrc.tdmu.edu.vn/opac/search/detail.asp?aID=2&ID=28780 
980 |a Trung tâm Học liệu Trường Đại học Thủ Dầu Một